000 00540nam a2200205 4500
001 000018684
003 UkOxU
005 20200929165835.0
008 940124s1993 enk 000 1 eng d
020 _a037311639X
040 _aDO-SdBNP
_beng
_cBNPHU
082 _a823
_bD675p
100 1 _aDonald, Robyn.
_940345
245 1 0 _aPagan surrender.
260 _aRichmond, Surrey :
_bMills & Boon,
_c1993.
300 _a186 p.
650 4 _aNovela inglesa
_91071
650 4 _aLiteratura inglesa
_9498
910 _aCatalogación derivada / LC
999 _c18204
_d18204